| 000 | 00802nam a22002177a 4500 | ||
|---|---|---|---|
| 003 | OSt | ||
| 005 | 20250621012540.0 | ||
| 008 | 250621b |||||||| |||| 00| 0 eng d | ||
| 020 | _a978-621-406-203-4 | ||
| 040 |
_aDWCL - Main lib _cOC |
||
| 082 | _aFil. 941.25 P187l 2018 | ||
| 100 | _aPangilinan, Michael C. | ||
| 245 |
_aLife and works of Dr. Jose P. Rizal : _ba modular approach based on the new CHED curriculum./ _cMichael C. Pangilinan |
||
| 260 |
_aManila, Philippines : _b Mindshapers, _cc2018. |
||
| 300 |
_a xii , 316 pages : _b illustrations ; _c25cm. |
||
| 504 | _aIncludes glossary ,bibliography and index. | ||
| 650 | _a1. Nationalists-- Philippines -- Biography | ||
| 650 | _a2. Rizal, Jose | ||
| 650 | _a3. Rizal, Jose P. -- Study and teaching | ||
| 942 |
_2ddc _cBK - FIL _kFil. _n0 |
||
| 999 |
_c3210 _d3210 |
||